LEADER 01446nam a2200265 i 4500 001 000000025277 003 CaOOAMICUS 005 20180830125446.0 008 180830s2003 it u000 u ita u 020 $a88-395-1639-5 020 $a88-395-1638-7 040 $aSeMil$bita 100 1 $aBaldi, Guido,$d<1942- >.$0(OLS)http://semarc/name/11184 245 10$aDalla Scapigliatura al Postmoderno /$cGuido Baldi ... [et al.]. 260 $aTorino :$bParavia,$c2003. 300 $a4 v. ;$c26 cm. 773 0 $aBaldi, Guido <1942- >$tDal testo alla storia, dalla storia al testo.$dTorino : Paravia, 2003-$w()25274 774 0 $aBaldi, Guido <1942- >$tDalla Scapigliatura al Postmoderno.$kDal testo alla storia, dalla storia al testo$g3$w()204972 774 0 $aBaldi, Guido <1942- >$tScapigliatura, il Verismo, il Decadentismo.$kDal testo alla storia, dalla storia al testo$g3$w()204973 774 0 $aBaldi, Guido <1942- >$tNarrativa del Novecento.$kDal testo alla storia, dalla storia al testo$g3$w()204974 774 0 $aBaldi, Guido <1942- >$tPoesia, la saggistica e la letteratura drammatica del Novecento.$kDal testo alla storia, dalla storia al testo$g3$w()204975 996 $6020$a88-395-1639-5$9(OLS)http://semarc/number/1295 996 $6020$a88-395-1638-7$9(OLS)http://semarc/number/1296 996 $6245$aDalla Scapigliatura al Postmoderno$9(OLS)http://semarc/title/34036 996 $6260$aTorino :$bParavia$9(OLS)http://semarc/publisher/30028 LEADER 00880nam a2200229 i 4500 001 000000202768 003 CaOOAMICUS 005 20110601000000.0 008 110601s1983 it u000 u ita u 013 $a181479 040 $aSeMil$bita 100 1 $aPedini, Mario <1918- >.$0(OLS)http://semarc/name/33914 245 10$aCommemorazione di Mons. Luigi Fossati /$cMario Pedini. 260 $a[S.l. :$bs.n.],$c1983. 300 $a23 p. ;$c27 cm. 500 $aIn testa alla copertina : Ateneo di Brescia. 650 4$aFossati, Luigi .$0(OLS)http://semarc/subject/38138 850 $aSeMil 852 $aSeMil$W1$xVenegono$y1$m5D VIII 24/7$j153267$B153267$CSeMilBibl$Z2$F164253 $81 961 $aOmaggio: Altro 996 $6245$aCommemorazione di Mons. Luigi Fossati$9(OLS)http://semarc/title/293502 996 $6260$a[S.l. :$bs.n.]$9(OLS)http://semarc/publisher/29751